Preceptiva dramática española: del renacimiento y el barroco

Gardado en:
Detalles Bibliográficos
Autor Principal: Sánchez Escribano, Federico
Formato: Libro
Idioma:Undetermined
Publicado: Madrid, España Gredos 1965
Materias:
Etiquetas: Engadir etiqueta
Sen Etiquetas, Sexa o primeiro en etiquetar este rexistro!

MARC

LEADER 00000nam a2200000Ia 4500
008 170316s9999 xx 000 0 und d
090 |a 801 S-6p 
100 |a Sánchez Escribano, Federico 
245 |a Preceptiva dramática española: del renacimiento y el barroco 
260 |a Madrid, España 
260 |b Gredos 
260 |c 1965 
300 |a 256 páginas 
650 |a TEORÍA LITERARIA 
650 |a TEATRO ESPAÑOL 
650 |a TEATRO DRAMATURGO 
650 |a COMEDIA ESPAÑOLA 
999 |c 20677  |d 20677 
040 |a cru BVZT 
942 |c 15 D  |h 801 S-6p  |2 z